College Degrees of U.S. Presidents - Statistics

General Stats
  • This quiz has been taken 61 times
  • The average score is 27 of 45
Answer Stats
President Place of Birth University % Correct
George Washington Popes Creek, VA None
100%
James Monroe Westmoreland, VA None
100%
Andrew Jackson Waxhaw, NC None
100%
Martin Van Buren Kinderhook, NY None
100%
William Henry Harrison Charles City, VA None
100%
Zachary Taylor Barboursville, VA None
100%
Millard Fillmore Moravia, NY None
100%
Abraham Lincoln Hodgenville, KY None
100%
Andrew Johnson Raleigh, NC None
100%
Grover Cleveland Caldwell, NJ None
100%
William McKinley Niles, OH None
100%
Harry S. Truman Lamar, MO None
100%
John Adams Braintree, MA Harvard College
88%
John Quincy Adams Braintree, MA Harvard College
88%
Theodore Roosevelt New York City, NY Harvard College
88%
Franklin D. Roosevelt Hyde Park, NY Harvard College
88%
John F. Kennedy Brookline, MA Harvard College
88%
James K. Polk Pineville, NC University of North Carolina at Chapel Hill
82%
William H. Taft Cincinnati, OH Yale College
82%
George H. W. Bush Milton, MA Yale University
82%
George W. Bush New Haven, CT Yale University
82%
James Madison Port Conway, VA College of New Jersey
68%
Woodrow Wilson Staunton, VA College of New Jersey
68%
Gerald Ford Omaha, NE University of Michigan
68%
Donald Trump Queens, NY University of Pennsylvania
68%
Barack Obama Honolulu, HI Columbia University
60%
Herbert Hoover West Branch, IA Stanford University
52%
Joe Biden Scranton, PA University of Delaware
52%
Thomas Jefferson Shadwell, VA College of William and Mary
42%
John Tyler Charles City, VA College of William and Mary
42%
Bill Clinton Hope, AR Georgetown University
40%
Ulysses S. Grant Point Pleasant, OH West Point Military Academy
28%
Dwight D. Eisenhower Denison, TX West Point Military Academy
28%
Ronald Reagan Tampico, IL Eureka College
14%
Benjamin Harrison North Bend, OH Miami University
14%
Lyndon B. Johnson Stonewall, TX Southwest Texas State Teachers College
14%
Jimmy Carter Plains, GA United States Naval Academy
14%
Richard Nixon Yorba Linda, CA Whittier College
12%
James A. Garfield Moreland Hills, OH Williams College
12%
Calvin Coolidge Plymouth Notch, VT Amherst College
8%
Franklin Pierce Hillsborough, NH Bowdoin College
8%
James Buchanan Cove Gap, PA Dickinson College
8%
Rutherford B. Hayes Delaware, OH Kenyon College
6%
Warren G. Harding Blooming Grove, OH Ohio Central College
4%
Chester A. Arthur Fairfield, VT Union College
4%
No matching quizzes found
Score Distribution
Percent of People with Each Score
Percentile by Number Answered
Your Score History
You have not taken this quiz